Utah State Basketball: Leading Scorer Every Year - Statistics

General Stats
  • This quiz has been taken 6 times
    3 since last reset
  • The average score is 43 of 71
Answer Stats
Year Player Average % Correct
2008-2009 Gary Wilkinson 17.1
100%
2023-2024 Great Osobor 17.7
100%
2014-2015 Jalen Moore 15.2
100%
2015-2016 Jalen Moore 15.2
100%
2016-2017 Jalen Moore 17.0
100%
2013-2014 Jarred Shaw 14.1
100%
2006-2007 Jaycee Carroll 21.3
100%
2007-2008 Jaycee Carroll 22.4
100%
2021-2022 Justin Bean 17.4
100%
2020-2021 Neemias Queta 14.9
100%
2011-2012 Preston Medlin 17.0
100%
2012-2013 Preston Medlin 16.3
100%
2017-2018 Sam Merrill 16.3
100%
2018-2019 Sam Merrill 20.9
100%
2019-2020 Sam Merrill 19.7
100%
2022-2023 Steven Ashworth 16.2
100%
2009-2010 Tai Wesley 13.7
100%
2010-2011 Tai Wesley 14.8
100%
1962-1963 Wayne Estes 20.0
100%
1963-1964 Wayne Estes 28.3
100%
1964-1965 Wayne Estes 33.7
100%
2003-2004 Cardell Butler 14.0
67%
1959-1960 Cornell Green 21.2
67%
1960-1961 Cornell Green 20.4
67%
1961-1962 Cornell Green 25.7
67%
2001-2002 Desmond Penigar 17.2
67%
2002-2003 Desmond Penigar 15.7
67%
1994-1995 Eric Franson 18.4
67%
1982-1983 Greg Grant 15.9
67%
1983-1984 Greg Grant 17.4
67%
1985-1986 Greg Grant 22.6
67%
1968-1969 Marv Roberts 27.6
67%
1969-1970 Marv Roberts 22.4
67%
1970-1971 Marv Roberts 20.8
67%
2005-2006 Nate Harris 17.3
67%
1999-2000 Shawn Daniels / Troy Rolle 12.0
67%
2004-2005 Spencer Nelson 16.0
67%
1956-1957 Ted Smith 16.9
67%
1950-1951 Bert Cook 17.3
33%
1957-1958 Bob Ipsen 18.0
33%
1958-1959 Bob Ipsen 21.9
33%
1971-1972 Bob Lauriski 17.4
33%
1980-1981 Brian Jackson 23.4
33%
1993-1994 Corwin Woodard 14.9
33%
1987-1988 Dan Conway 16.2
33%
1952-1953 Darrell Tucker 20.9
33%
1979-1980 Dean Hunger 20.8
33%
1998-1999 Donnie Johnson 14.3
33%
1975-1976 Ed Gregg 22.3
33%
1992-1993 Jay Goodman 18.1
33%
1972-1973 Jim Boatwright 18.7
33%
1973-1974 Jim Boatwright 18.5
33%
1978-1979 Keith McDonald 18.0
33%
1989-1990 Kendall Youngblood 15.4
33%
1990-1991 Kendall Youngblood 18.8
33%
1991-1992 Kendall Youngblood 17.1
33%
1986-1987 Kevin Nixon 18.2
33%
1965-1966 Larry Angle 16.5
33%
1981-1982 Leo Cunningham 13.3
33%
1997-1998 Marcus Saxon 17.4
33%
1996-1997 Maurice Spillers 13.2
33%
1976-1977 Mike Santos 18.2
33%
1977-1978 Mike Santos 18.3
33%
1954-1955 Pat Dunn 26.1
33%
1988-1989 Reid Newey 19.4
33%
1974-1975 Rich Haws 20.9
33%
1966-1967 Shaler Halimon 23.6
33%
1967-1968 Shaler Halimon 26.8
33%
2000-2001 Shawn Daniels 11.8
33%
1995-1996 Silas Mills 16.7
33%
1984-1985 Vince Washington 20.0
33%
No matching quizzes found
Score Distribution
Percent of People with Each Score
Percentile by Number Answered
Your Score History
You have not taken this quiz since the last reset